书目信息 |
| 题名: |
智慧小品
|
|
| 作者: | 赵冬 主编 | |
| 分册: | ||
| 出版信息: | 郑州 河南人民出版社 2003.01 |
|
| 页数: | 274页 | |
| 开本: | 20cm | |
| 丛书名: | ||
| 单 册: | ||
| 中图分类: | B821-53 | |
| 科图分类: | ||
| 主题词: | 人生观 | |
| 电子资源: | ||
| ISBN: | 7-215-05109-9 | |
| 000 | 00525nam0 2200193 45 | |
| 001 | 0451281924 | |
| 005 | 2004070814144192 | |
| 010 | @a7-215-05109-9@dCNY 14.00 | |
| 100 | @a20040708d2003 km y0chiy0120 ea | |
| 101 | 0 | @achi |
| 102 | @aCN@b410000 | |
| 200 | 1 | @a智慧小品@Azhi hui xiao pin@f赵冬主编@Fzhao dong zhu bian |
| 210 | @a郑州@c河南人民出版社@d2003.01 | |
| 215 | @a274页@d20cm | |
| 606 | 0 | @a人生观 |
| 690 | 1 | @aB821-53@v4 |
| 701 | 0 | @a赵冬@Azhao dong@4主编 |
| 801 | 0 | @aCN@bPFT@c20040708 |
| 905 | @a10447@dB821-53@eZ292 | |
| 智慧小品/赵冬主编.-郑州:河南人民出版社,2003.01 |
| 274页;20cm |
| ISBN 7-215-05109-9:CNY 14.00 |
| ● |
| 相关链接 |
|
|
|
正题名:智慧小品
索取号:B821-53/Z292
 
预约/预借
| 序号 | 登录号 | 条形码 | 馆藏地/架位号 | 状态 | 备注 |
| 1 | 386572 | 203865727 | 社科库509/509社科库 28排1列3层/ [索取号:B821-53/Z292] | 在馆 | |
| 2 | 386573 | 203865736 | 社科库509/509社科库 28排1列3层/ [索取号:B821-53/Z292] | 在馆 | |
| 3 | 386574 | 203865745 | 社科库509/ [索取号:B821-53/Z292] | 在馆 |